|
|
|
|
| LEADER |
00000nas a2200000 i 4500 |
| 001 |
ssj0000992048 |
| 003 |
WaSeSS |
| 005 |
20200512172242.0 |
| 006 |
m d |
| 007 |
cr n |
| 008 |
121228c20129999ii mr p s 0 0eng c |
| 010 |
|
|
|a 2013268542
|
| 022 |
|
|
|a 2277-4289
|l 2277-4289
|
| 035 |
|
|
|a (WaSeSS)ssj0000992048
|
| 040 |
|
|
|a HNK
|b eng
|c HNK
|d HNK
|d SERSO
|d GPM
|d OCLCF
|d CUS
|d OCLCO
|d AU@
|d UAB
|d WaSeSS
|
| 042 |
|
|
|a pcc
|
| 050 |
|
4 |
|a QK99.A1
|
| 210 |
0 |
|
|a Glob. j. res. med. plants indig. med.
|
| 222 |
|
0 |
|a Global journal of research on medicinal plants and indigenous medicine
|
| 245 |
0 |
0 |
|a Global journal of research on medicinal plants & indigenous medicine
|h [electronic resource].
|
| 246 |
1 |
|
|a Global journal of research on medicinal plants and indigenous medicine
|
| 246 |
1 |
|
|a GJRMI
|
| 260 |
|
|
|a Bangalore, India :
|b Chakshushan Publishers,
|c 2012-
|
| 310 |
|
|
|a Monthly
|
| 362 |
1 |
|
|a Began with Volume 1, Issue 1 (January 2012).
|
| 506 |
|
|
|a License restrictions may limit access.
|
| 588 |
|
|
|a Description based on: Volume 1, Issue 1 (January 2012); title from journal home page (publisher's website, viewed Sept. 19, 2013).
|
| 588 |
|
|
|a Latest issue consulted: Volume 2, Issue 9 (September 2013) (viewed Sept. 19, 2013).
|
| 650 |
|
0 |
|a Medicinal plants
|v Periodicals.
|
| 650 |
|
0 |
|a Traditional medicine
|v Periodicals.
|
| 650 |
|
7 |
|a Medicinal plants.
|2 fast
|0 (OCoLC)fst01014866
|
| 650 |
|
7 |
|a Traditional medicine.
|2 fast
|0 (OCoLC)fst01153974
|
| 655 |
|
0 |
|a Electronic journals.
|
| 856 |
4 |
0 |
|z Full text available from Research Library: 01/01/2012 to present
|u https://search.proquest.com/publication/2026661
|